Welcome to the Holygrace Academy Library

Please use search bar below to get started

WASON'S DOUBLE ENTRY BOOK KEEPING - ACCOUNTANCY (Record no. 607)

MARC details
000 -LEADER
fixed length control field 00311nam a22001217a 4500
020 ## - INTERNATIONAL STANDARD BOOK NUMBER
ISBN 81-219-2493-6
082 ## - DEWEY DECIMAL CLASSIFICATION NUMBER
Classification number 657
Item number WAS/D
100 ## - MAIN ENTRY--AUTHOR NAME
Personal name V.WASON
245 ## - TITLE STATEMENT
Title WASON'S DOUBLE ENTRY BOOK KEEPING - ACCOUNTANCY
Remainder of title CLASS XII
260 ## - PUBLICATION, DISTRIBUTION, ETC. (IMPRINT)
Place of publication DELHI
Name of publisher S.CHAND & CO
650 ## - SUBJECT ADDED ENTRY--TOPICAL TERM
Topical Term ACCOUNTANCY FOR CLASS XII
Geographic subdivision INDIA
942 ## - ADDED ENTRY ELEMENTS (KOHA)
Koha item type Books
Holdings
Withdrawn status Lost status Collection code Home library Current library Shelving location Date acquired Source of acquisition Cost, normal purchase price Full call number Accession Number Koha item type
    Reference Main Library Main Library   17/07/2014 purchase 395.00 657 WAS/D 08894 Books